=LDR 00000nam 2200000 4500 =001 NUTBA000000000004651 =005 20140918111450.0 =006 =007 =008 =020 ##$$a 979-489-933-x =035 ##$$a 0010-091400000000684 =040 ##$$a NBPDMAT =082 ##$$a 028.5 =084 ##$$a 028.5 Sur m =100 ##$$a Surip Prayugo =245 ##$$a Monyet Binatang cerdik / $c Surip Prayugo =250 ##$$a Cet. 1 =260 ##$$a Jakarta : $b Penebar Swadaya, $c 2005 =300 ##$$a 20 hlm. : $b ilus. ; $c 29 cm. =650 ##$$a monyet =990 ##$$a 21408007 =990 ##$$a 0001/BPAP-NTB/20142014 =990 ##$$a 0001/BPAP-NTB/20142014 =990 ##$$a 0001/BPAP-NTB/20142014 =990 ##$$a 0001/BPAP-NTB/20142014 =990 ##$$a 0001/BPAP-NTB/20142014 =990 ##$$a 0001/BPAP-NTB/20142014 =990 ##$$a 0001/BPAP-NTB/20142014